[Event "34. Abierto Collado Villalba 2017"]
[Site "Collado Villalba ESP"]
[Date "2017.08.25"]
[Round "4.12"]
[White "Rodriguez Melendez, Juan Humbert"]
[Black "Andrade Sandoval, Jim Carlos"]
[Result "1/2-1/2"]
[WhiteElo "2160"]
[BlackElo "1947"]
[PlyCount "143"]
[EventDate "2017.08.22"]
[EventType "swiss"]
[EventRounds "9"]
[EventCountry "ESP"]
[SourceTitle "Ajedrez en Madrid"]
[Source "lmi"]
[SourceDate "2017.08.22"]
[SourceVersion "1"]
[SourceVersionDate "2018.03.05"]
[SourceQuality "1"]

1. d4 Nf6 2. Nf3 d5 3. c4 e6 4. g3 c6 5. Bg2 Bd6 6. O-O O-O 7. b3 Nbd7 8. Nc3
b6 9. Bb2 Bb7 10. Rc1 Re8 11. Qc2 Rc8 12. Qb1 c5 13. cxd5 Nxd5 14. Ne4 Be7 15.
Rfd1 f5 16. Ned2 Rf8 17. dxc5 Bxc5 18. Nc4 Qe7 19. a3 a5 20. e3 N7f6 21. Nfe5
Ng4 22. Nxg4 fxg4 23. Bd4 Qf7 24. Rf1 Bxd4 25. exd4 Qf6 26. Qb2 Ba6 27. Rfe1 h5
28. Ne5 Rxc1 29. Rxc1 Qf5 30. Re1 Rc8 31. Be4 Qg5 32. b4 Nc3 33. Bg2 Bb5 34. h4
Qf5 35. bxa5 bxa5 36. Re3 Nd1 37. Qd2 Nxe3 38. Qxe3 Qb1+ 39. Kh2 Qc1 40. Qb3
Bc4 41. Qb7 Rf8 42. Qc6 Rxf2 43. Qxc4 Rxg2+ 44. Kxg2 Qd2+ 45. Kg1 Qe1+ 46. Kg2
Qd2+ 47. Kf1 Qd1+ 48. Kf2 Qd2+ 49. Qe2 Qxd4+ 50. Kg2 Qd5+ 51. Kh2 Qc5 52. a4
Qd4 53. Ng6 e5 54. Nxe5 Qxa4 55. Ng6 Qd7 56. Nf4 Qf5 57. Kg2 Kh7 58. Qa2 g5 59.
hxg5 h4 60. g6+ Kh6 61. Qb2 Qe4+ 62. Kf1 Qh1+ 63. Kf2 hxg3+ 64. Kxg3 Qf3+ 65.
Kh4 Qxf4 66. Qh8+ Kxg6 67. Qg8+ Kf5 68. Qh7+ Ke5 69. Qc7+ Kf5 70. Qxa5+ Ke4 71.
Qb4+ Kf3 72. Qc3+ 1/2-1/2

[Event "34. Abierto Collado Villalba 2017"]
[Site "Collado Villalba ESP"]
[Date "2017.08.25"]
[Round "4.14"]
[White "Rodrigo Yanguas, Maria"]
[Black "Tarrio Ocaña, Jose Manuel"]
[Result "1-0"]
[WhiteElo "2076"]
[BlackElo "1869"]
[PlyCount "67"]
[EventDate "2017.08.22"]
[EventType "swiss"]
[EventRounds "9"]
[EventCountry "ESP"]
[SourceTitle "Ajedrez en Madrid"]
[Source "lmi"]
[SourceDate "2017.08.22"]
[SourceVersion "1"]
[SourceVersionDate "2018.03.05"]
[SourceQuality "1"]

1. e4 e6 2. d4 d5 3. e5 c5 4. c3 Nc6 5. Nf3 Qb6 6. a3 cxd4 7. cxd4 Be7 8. b4
Bd7 9. Be3 Nh6 10. Bd3 Nf5 11. Nc3 Nxe3 12. fxe3 Nxb4 13. axb4 Bxb4 14. O-O
Bxc3 15. Rb1 Bb4 16. Ng5 Rf8 17. Nxh7 O-O-O 18. Nxf8 Rxf8 19. Qg4 a5 20. Qxg7
Qd8 21. Rbc1+ Kb8 22. Rxf7 Rxf7 23. Qxf7 Bd2 24. Rb1 Bxe3+ 25. Kh1 Bxd4 26. Qf4
Bc5 27. h4 Be7 28. h5 Bg5 29. Qf7 Be3 30. Qf6 Qxf6 31. exf6 e5 32. Re1 Bh6 33.
Rxe5 Bc6 34. f7 1-0

[Event "34. Abierto Collado Villalba 2017"]
[Site "Collado Villalba ESP"]
[Date "2017.08.25"]
[Round "4.15"]
[White "Vaquerizo Calvo, Miguel Arturo"]
[Black "Esquivias Gomez, Francisco J"]
[Result "1/2-1/2"]
[WhiteElo "1910"]
[BlackElo "2015"]
[PlyCount "81"]
[EventDate "2017.08.22"]
[EventType "swiss"]
[EventRounds "9"]
[EventCountry "ESP"]
[SourceTitle "Ajedrez en Madrid"]
[Source "lmi"]
[SourceDate "2017.08.22"]
[SourceVersion "1"]
[SourceVersionDate "2018.03.05"]
[SourceQuality "1"]

1. e4 c6 2. Nc3 g6 3. d4 Bg7 4. Bc4 d6 5. Bb3 Nf6 6. Nge2 O-O 7. O-O e5 8. dxe5
dxe5 9. Qxd8 Rxd8 10. f4 Be6 11. Bxe6 fxe6 12. f5 exf5 13. exf5 Rf8 14. fxg6
hxg6 15. Ng3 Nbd7 16. Nce4 Nxe4 17. Rxf8+ Nxf8 18. Nxe4 Ne6 19. c3 Rd8 20. Be3
b6 21. g3 c5 22. Kf2 Kf7 23. Ke2 Ke7 24. Rf1 Rf8 25. Rxf8 Bxf8 26. Kf3 Kf7 27.
Ng5+ Nxg5+ 28. Bxg5 Ke6 29. Ke4 b5 30. h4 c4 31. g4 a5 32. Bd8 a4 33. Bg5 a3
34. bxa3 Bxa3 35. h5 gxh5 36. gxh5 Bc5 37. Bd2 Be7 38. Bh6 Bf6 39. Bf8 Kf7 40.
Bd6 Ke6 41. Bf8 1/2-1/2

[Event "34. Abierto Collado Villalba 2017"]
[Site "Collado Villalba ESP"]
[Date "2017.08.25"]
[Round "4.16"]
[White "Correas Gonzalez, Jose Ramon"]
[Black "Lopez Ziegler, Carlos"]
[Result "1-0"]
[WhiteElo "2018"]
[BlackElo "1852"]
[PlyCount "74"]
[EventDate "2017.08.22"]
[EventType "swiss"]
[EventRounds "9"]
[EventCountry "ESP"]
[SourceTitle "Ajedrez en Madrid"]
[Source "lmi"]
[SourceDate "2017.08.22"]
[SourceVersion "1"]
[SourceVersionDate "2018.03.05"]
[SourceQuality "1"]

1. e4 Nf6 2. e5 Nd5 3. d4 d6 4. c4 Nb6 5. exd6 cxd6 6. Nc3 g6 7. Be3 Bg7 8. Rc1
O-O 9. b3 Nc6 10. Be2 e5 11. Nf3 Bg4 12. d5 Bxf3 13. Bxf3 Nd4 14. Bxd4 exd4 15.
Ne2 Qf6 16. O-O Nd7 17. Qd2 Nc5 18. Rcd1 a5 19. Nxd4 a4 20. b4 Nd7 21. Nb5 Rfc8
22. Be2 h5 23. f4 Nb6 24. Rc1 a3 25. Rc2 Qe7 26. f5 Re8 27. fxg6 fxg6 28. Bd3
Rf8 29. Rcc1 Rxf1+ 30. Rxf1 Rf8 31. Rxf8+ Qxf8 32. Qf2 Qe7 33. Qxb6 Qe1+ 34.
Bf1 Bh6 35. Qd8+ Kf7 36. Nxd6+ Kg7 37. Qd7+ Kh8 1-0

[Event "34. Abierto Collado Villalba 2017"]
[Site "Collado Villalba ESP"]
[Date "2017.08.25"]
[Round "4.17"]
[White "Perez Vazquez, Manuel"]
[Black "Zhou, Lulu"]
[Result "1/2-1/2"]
[WhiteElo "1856"]
[BlackElo "1928"]
[PlyCount "85"]
[EventDate "2017.08.22"]
[EventType "swiss"]
[EventRounds "9"]
[EventCountry "ESP"]
[SourceTitle "Ajedrez en Madrid"]
[Source "lmi"]
[SourceDate "2017.08.22"]
[SourceVersion "1"]
[SourceVersionDate "2018.03.05"]
[SourceQuality "1"]

1. f4 d5 2. Nf3 c5 3. g3 Nc6 4. Bg2 e6 5. O-O Nf6 6. d3 Bd6 7. Nc3 O-O 8. e4
dxe4 9. dxe4 e5 10. f5 Nd4 11. Bg5 Qd7 12. Bxf6 gxf6 13. Nd5 Be7 14. Nxd4 cxd4
15. Qh5 Kh8 16. Rf3 Rg8 17. c3 b6 18. cxd4 exd4 19. Rc1 Bd8 20. Rc7 Qxc7 21.
Nxc7 Bxc7 22. Qxf7 Be5 23. Ra3 a5 24. Bf1 Ba6 25. Bxa6 Rxa6 26. Rb3 Rd8 27. Rd3
Raa8 28. g4 Rg8 29. h3 Rac8 30. Qb3 Rc1+ 31. Rd1 Rxd1+ 32. Qxd1 h6 33. Kf2 Rd8
34. Qd3 Kg7 35. h4 Rd6 36. Kf3 Rd8 37. g5 hxg5 38. hxg5 fxg5 39. Kg4 Kf6 40.
Qc4 Rd6 41. Qd3 Rd8 42. Kf3 Rd6 43. Kg4 1/2-1/2

[Event "34. Abierto Collado Villalba 2017"]
[Site "Collado Villalba ESP"]
[Date "2017.08.25"]
[Round "4.18"]
[White "Lopez Heras, Arturo"]
[Black "Elguezabal Selioutin, Dario"]
[Result "0-1"]
[WhiteElo "1890"]
[BlackElo "1844"]
[PlyCount "71"]
[EventDate "2017.08.22"]
[EventType "swiss"]
[EventRounds "9"]
[EventCountry "ESP"]
[SourceTitle "Ajedrez en Madrid"]
[Source "lmi"]
[SourceDate "2017.08.22"]
[SourceVersion "1"]
[SourceVersionDate "2018.03.05"]
[SourceQuality "1"]

1. d4 d5 2. c4 dxc4 3. Nc3 c5 4. d5 Nf6 5. e4 e6 6. Bxc4 exd5 7. exd5 Bd6 8.
Nf3 O-O 9. O-O a6 10. Bg5 h6 11. Bh4 Bf5 12. a4 Nbd7 13. Re1 Qc7 14. Bg3 Rfe8
15. Qd2 Rad8 16. Rxe8+ Rxe8 17. Re1 Rxe1+ 18. Qxe1 Nb6 19. Ba2 Bxg3 20. hxg3
Qd6 21. Qe5 Qxe5 22. Nxe5 Nbd7 23. Nc4 Ne4 24. Nxe4 Bxe4 25. Nd6 Bc2 26. Nxb7
Bxa4 27. Nd8 Nb6 28. Nc6 Bxc6 29. dxc6 Kf8 30. Bb1 Ke7 31. Kf1 Nc4 32. Bd3 Nxb2
33. Bxa6 Kd6 34. Bb5 Kc7 35. Ke2 Kb6 36. Kd2 0-1

[Event "34. Abierto Collado Villalba 2017"]
[Site "Collado Villalba ESP"]
[Date "2017.08.25"]
[Round "4.19"]
[White "Andrade Sandoval, Bianca"]
[Black "Martinez Belen, Alejandro"]
[Result "1/2-1/2"]
[WhiteElo "1880"]
[BlackElo "1800"]
[PlyCount "75"]
[EventDate "2017.08.22"]
[EventType "swiss"]
[EventRounds "9"]
[EventCountry "ESP"]
[SourceTitle "Ajedrez en Madrid"]
[Source "lmi"]
[SourceDate "2017.08.22"]
[SourceVersion "1"]
[SourceVersionDate "2018.03.05"]
[SourceQuality "1"]

1. d4 d5 2. Nf3 Nf6 3. e3 e6 4. c4 Bb4+ 5. Nc3 O-O 6. a3 Bxc3+ 7. bxc3 Nbd7 8.
Bd3 dxc4 9. Bxc4 a6 10. a4 b6 11. Bd3 Bb7 12. Qc2 h6 13. e4 c5 14. Ba3 c4 15.
Bxc4 Bxe4 16. Qe2 Re8 17. O-O Qc8 18. Ne5 Qb7 19. Nxd7 Nxd7 20. f3 Bg6 21. Bb4
a5 22. Ba3 Nf6 23. Bb5 Red8 24. Bd3 Bxd3 25. Qxd3 Qc7 26. Rab1 Rab8 27. Rfc1
Rdc8 28. c4 Qd7 29. Rb5 Rd8 30. Bb2 Ne8 31. d5 Nc7 32. Qc3 e5 33. Rb3 f6 34.
Qe3 Ne8 35. Rxb6 Qxa4 36. Bc3 Qxc4 37. Rxb8 Rxb8 38. Bxe5 1/2-1/2

[Event "34. Abierto Collado Villalba 2017"]
[Site "Collado Villalba ESP"]
[Date "2017.08.25"]
[Round "4.20"]
[White "Fernandez Garcia, Ignacio"]
[Black "Perez Gonzalez, Jesus Miguel"]
[Result "0-1"]
[WhiteElo "1876"]
[BlackElo "1599"]
[PlyCount "58"]
[EventDate "2017.08.22"]
[EventType "swiss"]
[EventRounds "9"]
[EventCountry "ESP"]
[SourceTitle "Ajedrez en Madrid"]
[Source "lmi"]
[SourceDate "2017.08.22"]
[SourceVersion "1"]
[SourceVersionDate "2018.03.05"]
[SourceQuality "1"]

1. e4 e5 2. Nf3 Nc6 3. Bc4 Bc5 4. Nc3 Nf6 5. d3 O-O 6. Bg5 h6 7. Be3 Bb4 8. a3
Bxc3+ 9. bxc3 d5 10. exd5 Nxd5 11. Bd2 Re8 12. O-O e4 13. Nd4 Ne5 14. Ba2 exd3
15. cxd3 c5 16. Nc2 Nxd3 17. Qf3 Nf6 18. Rad1 Bg4 19. Qg3 Bxd1 20. Rxd1 Nb2 21.
Qf3 Nxd1 22. Qxd1 Ne4 23. Qf3 Nxd2 24. Qxf7+ Kh8 25. Ne3 Qf6 26. Qxb7 Qxc3 27.
h3 Qa1+ 28. Kh2 Qxa2 29. Nf5 Qa1 0-1

[Event "34. Abierto Collado Villalba 2017"]
[Site "Collado Villalba ESP"]
[Date "2017.08.25"]
[Round "4.21"]
[White "Vega De Alba, Miguel"]
[Black "Lacrosse, Marc"]
[Result "1-0"]
[WhiteElo "1753"]
[BlackElo "2173"]
[PlyCount "119"]
[EventDate "2017.08.22"]
[EventType "swiss"]
[EventRounds "9"]
[EventCountry "ESP"]
[SourceTitle "Ajedrez en Madrid"]
[Source "lmi"]
[SourceDate "2017.08.22"]
[SourceVersion "1"]
[SourceVersionDate "2018.03.05"]
[SourceQuality "1"]

1. d4 d5 2. c4 e6 3. Nc3 Nf6 4. Bg5 Nbd7 5. e3 c6 6. Nf3 Qa5 7. Qc2 Ne4 8. cxd5
exd5 9. Rc1 Nxg5 10. Nxg5 Nf6 11. Bd3 h6 12. Nf3 Bd6 13. O-O O-O 14. Rfe1 Re8
15. Nd2 Be6 16. a3 Qc7 17. g3 a6 18. b4 h5 19. e4 dxe4 20. Ndxe4 Nxe4 21. Bxe4
h4 22. Qd3 hxg3 23. hxg3 Rad8 24. Kg2 Qd7 25. Rh1 f5 26. Bf3 Be5 27. Ne2 Bxd4
28. Rcd1 Be5 29. Qe3 Bd5 30. Bxd5+ cxd5 31. Nd4 Bxd4 32. Qxd4 Re4 33. Qb6 Re6
34. Qd4 Qd6 35. Rh5 Re4 36. Qa7 Qd7 37. Rdh1 Kf7 38. Qb6 f4 39. Rg5 Re6 40. Qd4
f3+ 41. Kxf3 Rf6+ 42. Kg2 Qe6 43. Rh7 Qe4+ 44. Qxe4 dxe4 45. Rgxg7+ Ke6 46.
Rxb7 Ke5 47. Rhe7+ Kd4 48. Rbd7+ Rxd7 49. Rxd7+ Kc3 50. Rd5 Kc4 51. Rd2 Rf3 52.
Re2 Kd4 53. Ra2 Rb3 54. Kh3 e3 55. fxe3+ Rxe3 56. a4 Kc4 57. b5 Kb3 58. Ra1 a5
59. b6 Re7 60. Rb1+ 1-0

[Event "34. Abierto Collado Villalba 2017"]
[Site "Collado Villalba ESP"]
[Date "2017.08.25"]
[Round "4.22"]
[White "Perez Cameselle, Francisco Jose"]
[Black "Cardena Contreras, Javier"]
[Result "1/2-1/2"]
[WhiteElo "1789"]
[BlackElo "1925"]
[PlyCount "131"]
[EventDate "2017.08.22"]
[EventType "swiss"]
[EventRounds "9"]
[EventCountry "ESP"]
[SourceTitle "Ajedrez en Madrid"]
[Source "lmi"]
[SourceDate "2017.08.22"]
[SourceVersion "1"]
[SourceVersionDate "2018.03.05"]
[SourceQuality "1"]

1. Nf3 Nf6 2. g3 d5 3. Bg2 c5 4. c4 Nc6 5. cxd5 Nxd5 6. Nc3 Nxc3 7. bxc3 g6 8.
O-O Bg7 9. Qb3 O-O 10. Rb1 Bd7 11. d3 Rb8 12. Bf4 e5 13. Be3 b6 14. Nd2 Qc7 15.
f4 Na5 16. Qc2 Bc6 17. Nf3 e4 18. dxe4 Nc4 19. Bc1 Qb7 20. Ne1 Rfe8 21. e5 Rbd8
22. Bxc6 Qxc6 23. Ng2 f6 24. Qb3 Qe6 25. Ne3 Nxe3 26. Qxe6+ Rxe6 27. Bxe3 fxe5
28. f5 gxf5 29. Rxf5 Red6 30. Kg2 Rd1 31. Rf1 Rxb1 32. Rxb1 e4 33. c4 Rd7 34.
a4 Bc3 35. g4 Bd4 36. Rd1 Kf7 37. Bf4 Ke6 38. e3 Bf6 39. Rxd7 Kxd7 40. g5 Bg7
41. Kg3 a6 42. Bb8 Kc8 43. Bd6 Kd7 44. Bb8 Kc8 45. Bd6 Kd7 46. Bb8 Kc6 47. Kf4
b5 48. axb5+ axb5 49. cxb5+ Kxb5 50. Kxe4 c4 51. Bd6 Ka4 52. Kd5 Kb3 53. e4 c3
54. Bf4 c2 55. e5 Bf8 56. e6 Kb2 57. h4 Kc3 58. h5 Kd3 59. g6 hxg6 60. hxg6 Bb4
61. Bc1 Bd2 62. Ba3 Bb4 63. Bb2 Bc3 64. Bc1 Bd2 65. Ba3 Bb4 66. Bc1 1/2-1/2

[Event "34. Abierto Collado Villalba 2017"]
[Site "Collado Villalba ESP"]
[Date "2017.08.26"]
[Round "5.1"]
[White "Longa Yauca, Javier"]
[Black "Martin Duque, Jesus"]
[Result "1-0"]
[WhiteElo "2261"]
[BlackElo "2386"]
[PlyCount "95"]
[EventDate "2017.08.22"]
[EventType "swiss"]
[EventRounds "9"]
[EventCountry "ESP"]
[SourceTitle "Ajedrez en Madrid"]
[Source "lmi"]
[SourceDate "2017.08.22"]
[SourceVersion "1"]
[SourceVersionDate "2018.03.05"]
[SourceQuality "1"]

1. c4 c5 2. Nc3 Nc6 3. g3 g6 4. Bg2 Bg7 5. d3 d6 6. e3 Bf5 7. h3 Qc8 8. g4 Bd7
9. Nge2 h5 10. g5 h4 11. Nf4 Qd8 12. Ne4 Rc8 13. Bd2 Bf5 14. Qb3 b6 15. Rd1 Kf8
16. Ne2 e5 17. N2c3 Nge7 18. Nb5 Bxe4 19. dxe4 a6 20. Na3 Rh5 21. f4 exf4 22.
exf4 Nd4 23. Qd3 Qd7 24. O-O b5 25. b3 Kg8 26. Kh1 b4 27. Nc2 Nxc2 28. Qxc2 Nc6
29. Be3 Bd4 30. Qf2 Re8 31. Rd3 Rh8 32. Kh2 a5 33. Rfd1 Qc7 34. Kh1 Re6 35. Bf3
Qe7 36. Bg2 Bxe3 37. Qxe3 Nd4 38. Qf2 Qe8 39. Kh2 Qe7 40. Rf1 Qe8 41. Rxd4 cxd4
42. Qxd4 Qe7 43. Bf3 Kh7 44. Rg1 f5 45. exf5 gxf5 46. g6+ Kg8 47. Bd5 Rh6 48.
Qe3 1-0

[Event "34. Abierto Collado Villalba 2017"]
[Site "Collado Villalba ESP"]
[Date "2017.08.26"]
[Round "5.3"]
[White "Hernando Pertierra, Jose Carlos"]
[Black "Robles Diaz, Jose Alberto"]
[Result "1-0"]
[WhiteElo "2348"]
[BlackElo "2088"]
[PlyCount "79"]
[EventDate "2017.08.22"]
[EventType "swiss"]
[EventRounds "9"]
[EventCountry "ESP"]
[SourceTitle "Ajedrez en Madrid"]
[Source "lmi"]
[SourceDate "2017.08.22"]
[SourceVersion "1"]
[SourceVersionDate "2018.03.05"]
[SourceQuality "1"]

1. d4 Nf6 2. Nf3 d6 3. g3 g6 4. Bg2 Bg7 5. Nc3 O-O 6. O-O c6 7. e4 Nbd7 8. a4
e5 9. dxe5 dxe5 10. a5 Qc7 11. Qe2 Re8 12. Qc4 Nf8 13. Nd5 Qd8 14. Nxf6+ Qxf6
15. Bg5 Qe6 16. Nd2 h6 17. Be3 Qxc4 18. Nxc4 Ne6 19. Nd6 Rd8 20. Nxc8 Rdxc8 21.
Bh3 Re8 22. Bxe6 Rxe6 23. Rfd1 Re7 24. Rd3 Bf8 25. Rad1 b6 26. Rd8 Re8 27. Rxa8
Rxa8 28. a6 Kg7 29. Rd7 g5 30. c3 c5 31. Kf1 Kf6 32. Ke2 Ke6 33. Rb7 f5 34.
exf5+ Kxf5 35. Kd3 Kg4 36. Ke4 Kh3 37. Rh7 Kg2 38. h4 gxh4 39. gxh4 Kf1 40. Rh8
1-0

[Event "34. Abierto Collado Villalba 2017"]
[Site "Collado Villalba ESP"]
[Date "2017.08.26"]
[Round "5.4"]
[White "Cao Armillas, Jesus"]
[Black "Aziz Ortego, Omar Luis"]
[Result "1-0"]
[WhiteElo "2204"]
[BlackElo "2069"]
[PlyCount "89"]
[EventDate "2017.08.22"]
[EventType "swiss"]
[EventRounds "9"]
[EventCountry "ESP"]
[SourceTitle "Ajedrez en Madrid"]
[Source "lmi"]
[SourceDate "2017.08.22"]
[SourceVersion "1"]
[SourceVersionDate "2018.03.05"]
[SourceQuality "1"]

1. d4 d6 2. Nf3 Nf6 3. c4 g6 4. g3 Bg7 5. Bg2 O-O 6. O-O c6 7. Nc3 Nbd7 8. e4
e5 9. Rb1 a5 10. Re1 Re8 11. h3 Qe7 12. Be3 exd4 13. Nxd4 Ne5 14. b3 Ned7 15.
Qd2 Nc5 16. Rbd1 Qf8 17. Bf4 Nfd7 18. Nde2 Be5 19. Bh6 Bg7 20. Bxg7 Kxg7 21.
Qxd6 Qxd6 22. Rxd6 Ne5 23. Red1 f6 24. f4 Nf7 25. R6d2 Re7 26. Nc1 Be6 27. Nd3
Na6 28. Na4 Rae8 29. Nac5 Nxc5 30. Nxc5 Bc8 31. Kf2 h6 32. Rd4 Kf8 33. Nd7+
Bxd7 34. Rxd7 Rxd7 35. Rxd7 Re7 36. Rxe7 Kxe7 37. Ke3 Kd6 38. Kd4 b6 39. h4 g5
40. Bf3 c5+ 41. Ke3 Nd8 42. e5+ fxe5 43. fxg5 hxg5 44. Bd5 gxh4 45. gxh4 1-0

[Event "34. Abierto Collado Villalba 2017"]
[Site "Collado Villalba ESP"]
[Date "2017.08.26"]
[Round "5.5"]
[White "Villacorta Nicolas, David"]
[Black "Pastor Alonso de Prado, Emilio Alberto"]
[Result "1-0"]
[WhiteElo "2048"]
[BlackElo "2176"]
[PlyCount "51"]
[EventDate "2017.08.22"]
[EventType "swiss"]
[EventRounds "9"]
[EventCountry "ESP"]
[SourceTitle "Ajedrez en Madrid"]
[Source "lmi"]
[SourceDate "2017.08.22"]
[SourceVersion "1"]
[SourceVersionDate "2018.03.05"]
[SourceQuality "1"]

1. e4 b6 2. d4 Bb7 3. Bd3 Nf6 4. Qe2 Nc6 5. c3 e5 6. Nf3 Bd6 7. O-O O-O 8. d5
Ne7 9. Nbd2 c6 10. Nc4 Qc7 11. Nxd6 Qxd6 12. c4 Rfe8 13. Nh4 a5 14. f4 b5 15.
b3 a4 16. fxe5 Qxe5 17. Bb2 Qh5 18. Qf2 bxc4 19. bxc4 Ng4 20. Qg3 Ng6 21. Nxg6
hxg6 22. Rf4 f5 23. h3 Nf6 24. Rh4 Nxe4 25. Bxe4 Qe2 26. Qc3 1-0

[Event "34. Abierto Collado Villalba 2017"]
[Site "Collado Villalba ESP"]
[Date "2017.08.26"]
[Round "5.6"]
[White "Veganzones Rojo, David"]
[Black "Valles Moreno, Ivan"]
[Result "0-1"]
[WhiteElo "2149"]
[BlackElo "2435"]
[PlyCount "52"]
[EventDate "2017.08.22"]
[EventType "swiss"]
[EventRounds "9"]
[EventCountry "ESP"]
[SourceTitle "Ajedrez en Madrid"]
[Source "lmi"]
[SourceDate "2017.08.22"]
[SourceVersion "1"]
[SourceVersionDate "2018.03.05"]
[SourceQuality "1"]

1. e4 c5 2. d4 cxd4 3. c3 Nf6 4. e5 Nd5 5. Qxd4 e6 6. Nf3 Nc6 7. Qe4 f5 8. Qe2
d6 9. g3 Qc7 10. exd6 Bxd6 11. Bg2 O-O 12. O-O Nf6 13. Nbd2 e5 14. Nc4 e4 15.
Ng5 Ne5 16. Nxd6 Qxd6 17. Bf4 Qd3 18. Rfe1 Qxe2 19. Rxe2 Nd3 20. Bd6 Re8 21.
Rd1 h6 22. Nh3 Be6 23. Nf4 Nxf4 24. Bxf4 Bxa2 25. f3 Bf7 26. fxe4 Bh5 0-1

[Event "34. Abierto Collado Villalba 2017"]
[Site "Collado Villalba ESP"]
[Date "2017.08.26"]
[Round "5.7"]
[White "Rodrigo Yanguas, Maria"]
[Black "Elissalt Cardenas, Hector"]
[Result "0-1"]
[WhiteElo "2076"]
[BlackElo "2360"]
[PlyCount "104"]
[EventDate "2017.08.22"]
[EventType "swiss"]
[EventRounds "9"]
[EventCountry "ESP"]
[SourceTitle "Ajedrez en Madrid"]
[Source "lmi"]
[SourceDate "2017.08.22"]
[SourceVersion "1"]
[SourceVersionDate "2018.03.05"]
[SourceQuality "1"]

1. e4 d6 2. d4 Nf6 3. Nc3 e5 4. Nf3 Nbd7 5. Bc4 Be7 6. O-O O-O 7. Re1 c6 8. a4
a5 9. h3 Nb6 10. Ba2 Nfd7 11. Be3 exd4 12. Qxd4 Nc5 13. Rad1 Be6 14. Bxe6 fxe6
15. e5 d5 16. Qg4 Qe8 17. Ne2 h5 18. Qd4 Nc4 19. Bg5 Ne4 20. Bxe7 Qxe7 21. b3
Rxf3 22. gxf3 Qg5+ 23. Kh2 Nxe5 24. Qe3 Qxe3 25. fxe3 Nxf3+ 26. Kg2 Nxe1+ 27.
Rxe1 Rf8 28. Nf4 g5 29. Nxe6 Rf2+ 30. Kg1 Rxc2 31. Rf1 Rc3 32. Rf8+ Kh7 33.
Rf7+ Kg6 34. Rxb7 Rxe3 35. Nd4 c5 36. Rb6+ Kf7 37. Nc6 Rxh3 38. Nxa5 Rg3+ 39.
Kh2 h4 40. Nc6 Kf6 41. a5 Nd2 42. Nd4+ Ke5 43. Ne2 Rf3 44. a6 Rf1 45. Nc3 Ra1
46. Rg6 Kf4 47. Rb6 d4 48. Nb5 Kg4 49. a7 h3 50. Rf6 Nf3+ 51. Rxf3 Kxf3 52. b4
g4 0-1

[Event "34. Abierto Collado Villalba 2017"]
[Site "Collado Villalba ESP"]
[Date "2017.08.26"]
[Round "5.8"]
[White "Camacho Casado, Natalio"]
[Black "Aranda Marin, Cristian"]
[Result "0-1"]
[WhiteElo "2105"]
[BlackElo "2263"]
[PlyCount "84"]
[EventDate "2017.08.22"]
[EventType "swiss"]
[EventRounds "9"]
[EventCountry "ESP"]
[SourceTitle "Ajedrez en Madrid"]
[Source "lmi"]
[SourceDate "2017.08.22"]
[SourceVersion "1"]
[SourceVersionDate "2018.03.05"]
[SourceQuality "1"]

1. e4 c5 2. d4 cxd4 3. c3 d3 4. Bxd3 Nc6 5. c4 e5 6. Nc3 Bc5 7. Nf3 d6 8. h3
Nge7 9. a3 a6 10. b4 Ba7 11. Qe2 Nd4 12. Nxd4 Bxd4 13. Bb2 Ng6 14. Nd5 Bxb2 15.
Qxb2 O-O 16. Qd2 Be6 17. g3 Bxd5 18. cxd5 Rc8 19. O-O Qb6 20. Be2 Ne7 21. Bg4
Rc4 22. Qe2 Qc7 23. Rfd1 g6 24. h4 f5 25. exf5 gxf5 26. Bh3 Kg7 27. Bf1 Rc3 28.
h5 h6 29. Bg2 Rc8 30. f4 e4 31. Kh2 Qc4 32. Qxc4 R8xc4 33. Ra2 Kf6 34. Bf1 Rc2+
35. Rxc2 Rxc2+ 36. Kh3 Ra2 37. Rc1 e3 38. Bc4 Rxa3 39. Re1 b5 40. Be2 Nxd5 41.
Bf3 Nxb4 42. Rd1 Nd3 0-1

[Event "34. Abierto Collado Villalba 2017"]
[Site "Collado Villalba ESP"]
[Date "2017.08.26"]
[Round "5.9"]
[White "Semprun Martinez, Fernando"]
[Black "Angelina Vela, Carlos"]
[Result "1/2-1/2"]
[WhiteElo "2193"]
[BlackElo "2098"]
[PlyCount "88"]
[EventDate "2017.08.22"]
[EventType "swiss"]
[EventRounds "9"]
[EventCountry "ESP"]
[SourceTitle "Ajedrez en Madrid"]
[Source "lmi"]
[SourceDate "2017.08.22"]
[SourceVersion "1"]
[SourceVersionDate "2018.03.05"]
[SourceQuality "1"]

1. e4 c6 2. d4 d5 3. e5 Bf5 4. Nd2 e6 5. Nb3 Nd7 6. Be3 Ne7 7. f4 Bg6 8. Nf3
Nf5 9. Bf2 h5 10. g3 Be7 11. Be2 Qc7 12. Qd2 a6 13. O-O Rc8 14. Rac1 f6 15. c4
Nb6 16. c5 Nd7 17. Qa5 Kf7 18. Qxc7 Rxc7 19. Na5 Rb8 20. b4 Rcc8 21. Nd2 Bd8
22. Ndb3 Bxa5 23. Nxa5 Ne7 24. a3 Rh8 25. h4 Be4 26. Rc3 Nf8 27. Be3 Nf5 28.
Kf2 Ke7 29. Bxa6 Kd7 30. Bxb7 Ne7 31. Ba6 Nfg6 32. Ke2 Nf5 33. Rg1 Nge7 34. Kd2
Nxe3 35. Rxe3 Nf5 36. Rd3 fxe5 37. dxe5 Bxd3 38. Bxd3 g6 39. Kc3 Kc7 40. Bc2
Rhd8 41. Ba4 Ne7 42. Kd3 Rf8 43. Ke3 Ra8 44. Bc2 Nf5+ 1/2-1/2

[Event "34. Abierto Collado Villalba 2017"]
[Site "Collado Villalba ESP"]
[Date "2017.08.26"]
[Round "5.10"]
[White "Rodriguez Melendez, Juan Humbert"]
[Black "Cabañas Bravo, Juan Andres"]
[Result "1/2-1/2"]
[WhiteElo "2160"]
[BlackElo "2023"]
[PlyCount "90"]
[EventDate "2017.08.22"]
[EventType "swiss"]
[EventRounds "9"]
[EventCountry "ESP"]
[SourceTitle "Ajedrez en Madrid"]
[Source "lmi"]
[SourceDate "2017.08.22"]
[SourceVersion "1"]
[SourceVersionDate "2018.03.05"]
[SourceQuality "1"]

1. d4 Nf6 2. Nf3 g6 3. g3 Bg7 4. Bg2 O-O 5. O-O d5 6. c4 dxc4 7. Qc2 Nd5 8.
Qxc4 Nb6 9. Qc2 Nc6 10. Rd1 Bg4 11. e3 Qc8 12. Nc3 e5 13. d5 Nb4 14. Qb3 Na6
15. Re1 Qf5 16. e4 Qh5 17. Nd2 Rfc8 18. a4 c5 19. Bf1 Nb4 20. a5 Nd7 21. Na2
Bf8 22. Nc4 b5 23. axb6 axb6 24. Na3 Nf6 25. Bd2 Nxa2 26. Qxa2 Bf3 27. Qb1 Ra4
28. Nc4 Bxe4 29. Rxe4 Rxa1 30. Qxa1 Nxe4 31. Be3 b5 32. Qa6 Qf5 33. Nb6 Rd8 34.
Qxb5 Qf6 35. Nd7 Qf5 36. Nxf8 Kxf8 37. Bd3 Qg4 38. Kg2 Nf6 39. Bxc5+ Kg7 40.
Be7 Rg8 41. Qc6 Nh5 42. Ba6 Nf4+ 43. Kg1 Nh3+ 44. Kg2 Nf4+ 45. Kg1 Nh3+ 1/2-1/2